000
00214nmm a2200085Ia 4500
008
150209s2015||||xx |||||||||||||||||und||
100
_a
KARTHIKEYAN, D
245
_a
STEP BY STEP CROSS-SECTIONAL ANATOMY
942
_2
ddc
_c
CD
999
_c
5995
_d
5995